| 000 | 01082nam a22002417a 4500 | ||
|---|---|---|---|
| 005 | 20150202120756.0 | ||
| 008 | 131113b2006 ck ||||| |||| 00| 0 spa d | ||
| 040 |
_aCO-BoIAVH _cCO-BoIAVH |
||
| 041 | _aspa | ||
| 044 | _ack | ||
| 090 |
_aIAVH _b01487 |
||
| 245 | _aCooperación interinstitucional para consolidacion del proceso de implementacion de las HMP en el paisaje rural ganadero de la cuenca media del río Chambery | ||
| 260 |
_aCali _bInstituto de Investigación de Recursos Biológicos Alexander von Humboldt _c2006 |
||
| 300 |
_a218 p. _bgraficos _c27 cm |
||
| 500 | _aInforme tecnico | ||
| 520 | _aGenerar un proceso de apropiación hacia el proyecto por actores locales y regionales,teniendo en cuenta el amplio interés mostrado por la alcaldía municipal de Aranzazu. Readecuacion del vivero municipal para la implementacion de nuevas herramientas manejo de paisaje. | ||
| 650 |
_aVivero _92519 |
||
| 650 |
_aSemilla _92520 |
||
| 650 |
_aPaisaje _92521 |
||
| 650 |
_aRural _92522 |
||
| 650 |
_aGandero _zCuenca media río Chambery _932453 |
||
| 942 |
_2z _cINFORME |
||
| 999 |
_c7793 _d7793 |
||